[Event "RUS-chT Rapid"]
[Site "Sochi"]
[Date "2023.10.18"]
[Round "2.7"]
[White "Oganian, Miran"]
[Black "Kobalia, Mihail"]
[Result "0-1"]
[WhiteElo "2433"]
[BlackElo "2542"]
[PlyCount "100"]
[EventDate "2023.10.18"]
[EventType "team-swiss (rapid)"]
[EventRounds "9"]
[EventCountry "RUS"]
[SourceTitle "Mega2024 Update 01"]
[Source "Chessbase"]
[SourceDate "2023.11.12"]
[SourceVersion "1"]
[SourceVersionDate "2023.11.12"]
[SourceQuality "1"]
[WhiteTeam "Krasnodarsk Region"]
[BlackTeam "Moscow ShSM"]
[WhiteTeamCountry "RUS"]
[BlackTeamCountry "RUS"]

1. d4 d5 2. c4 c6 3. Nf3 Nf6 4. Qc2 g6 5. Bf4 Bg7 6. e3 0-0 7. Nc3 c5 8. dxc5 Na6 9. cxd5 Nxc5 10. Bc4 Bf5 11. Qe2 a6 12. a4 b5 13. axb5 axb5 14. Rxa8 Qxa8 15. Nxb5 Bd3 16. Bxd3 Qa1+ 17. Kd2 Nfe4+ 18. Bxe4 Nxe4+ 19. Kd3 Qxh1 20. Ne1 Nc5+ 21. Kc2 g5 22. Bxg5 Rc8 23. Na7 Rb8 24. Nb5 Rc8 25. Na7 Ra8 26. Bxe7 Na4 27. Nc6 Nc3 28. Qd2 Ne4 29. Qe2 Nc3 30. Qd2 Qf1 31. Bb4 Ne4 32. Ne7+ Kh8 33. Qd3 Qxf2+ 34. Kb3 Qxb2+ 35. Kc4 Ra4 36. Nc6 Nd6+ 37. Kc5 Nb7+ 38. Kb5 Ra8 39. Nf3 Qa2 40. Kb6 Nd8 41. Ng5 f5 42. Ne6 Nxc6 43. Kxc6 Qa4+ 44. Kc5 Rc8+ 45. Kd6 Qxb4+ 46. Kd7 Qb7+ 47. Kd6 Qb6+ 48. Ke7 Qb7+ 49. Kd6 Bf6 50. Qxf5 Qe7# 0-1

[Event "RUS-chT Blitz"]
[Site "Sochi"]
[Date "2023.10.17"]
[Round "13.8"]
[White "Kobalia, Mihail"]
[Black "Bukreev, Stanislav"]
[Result "1-0"]
[WhiteElo "2542"]
[BlackElo "2000"]
[PlyCount "69"]
[EventDate "2023.10.17"]
[EventType "team-swiss (blitz)"]
[EventRounds "13"]
[EventCountry "RUS"]
[SourceTitle "Mega2024 Update 01"]
[Source "Chessbase"]
[SourceDate "2023.11.12"]
[SourceVersion "1"]
[SourceVersionDate "2023.11.12"]
[SourceQuality "1"]
[WhiteTeam "Moscow ShSM"]
[BlackTeam "Moscow Formula Shakhmat"]
[WhiteTeamCountry "RUS"]
[BlackTeamCountry "RUS"]

1. e4 e6 2. d3 c5 3. Nf3 Nc6 4. g3 g6 5. Bg2 Bg7 6. 0-0 Nge7 7. Re1 d6 8. c3 0-0 9. d4 cxd4 10. cxd4 b5 11. Be3 a5 12. Nbd2 Ba6 13. Bf1 Qd7 14. Rc1 Rfc8 15. h4 h5 16. Nb1 Nd8 17. Rxc8 Nxc8 18. Bd3 b4 19. Qe2 Bxd3 20. Qxd3 Na7 21. Rc1 Rc8 22. Rc4 Rxc4 23. Qxc4 Qc6 24. Nbd2 Nb5 25. Kf1 d5 26. exd5 exd5 27. Qd3 Ne6 28. Kg2 a4 29. Kh2 a3 30. bxa3 bxa3 31. Qb3 Nbxd4 32. Bxd4 Nxd4 33. Qb8+ Kh7 34. Ng5+ Kh6 35. Qg8 1-0

[Event "RUS-chT Blitz"]
[Site "Sochi"]
[Date "2023.10.17"]
[Round "10.8"]
[White "Kobalia, Mihail"]
[Black "Krylov, Mikhail"]
[Result "1/2-1/2"]
[WhiteElo "2542"]
[BlackElo "2456"]
[PlyCount "75"]
[EventDate "2023.10.17"]
[EventType "team-swiss (blitz)"]
[EventRounds "13"]
[EventCountry "RUS"]
[SourceTitle "Mega2024 Update 01"]
[Source "Chessbase"]
[SourceDate "2023.11.12"]
[SourceVersion "1"]
[SourceVersionDate "2023.11.12"]
[SourceQuality "1"]
[WhiteTeam "Moscow ShSM"]
[BlackTeam "Moscow MGFSO"]
[WhiteTeamCountry "RUS"]
[BlackTeamCountry "RUS"]

1. e4 d5 2. exd5 Nf6 3. Nf3 Nxd5 4. d4 g6 5. Be2 Bg7 6. 0-0 0-0 7. Re1 c5 8. dxc5 Na6 9. c3 Nxc5 10. Bc4 Nb6 11. Qxd8 Rxd8 12. Bf1 Bg4 13. Nd4 e5 14. Nc2 Bf5 15. Ne3 Bd3 16. Na3 Rd7 17. Nec4 Nxc4 18. Nxc4 e4 19. Be3 Na4 20. Bxd3 exd3 21. Bd2 b5 22. Ne5 Bxe5 23. Rxe5 Nxb2 24. Rxb5 Nc4 25. Rd1 Re8 26. Kf1 Kg7 27. Rb4 Rc8 28. Rb3 a5 29. a4 Re8 30. g3 Re2 31. Bf4 h6 32. Rxd3 Rxf2+ 33. Kxf2 Rxd3 34. h4 Rd5 35. Rb8 g5 36. hxg5 hxg5 37. Bc1 Rd3 38. Bxg5 1/2-1/2

[Event "RUS-chT Blitz"]
[Site "Sochi"]
[Date "2023.10.17"]
[Round "12.8"]
[White "Zablotsky, Sergei"]
[Black "Kobalia, Mihail"]
[Result "0-1"]
[WhiteElo "2464"]
[BlackElo "2542"]
[PlyCount "102"]
[EventDate "2023.10.17"]
[EventType "team-swiss (blitz)"]
[EventRounds "13"]
[EventCountry "RUS"]
[SourceTitle "Mega2024 Update 01"]
[Source "Chessbase"]
[SourceDate "2023.11.12"]
[SourceVersion "1"]
[SourceVersionDate "2023.11.12"]
[SourceQuality "1"]
[WhiteTeam "Krasnoyarsk Region Enisey"]
[BlackTeam "Moscow ShSM"]
[WhiteTeamCountry "RUS"]
[BlackTeamCountry "RUS"]

1. Nf3 d5 2. g3 Bg4 3. Bg2 Nd7 4. h3 Bh5 5. c4 e6 6. d4 c6 7. 0-0 Ngf6 8. Ne5 Be7 9. Nc3 0-0 10. f4 Bg6 11. cxd5 cxd5 12. g4 Nxe5 13. dxe5 Ne4 14. Nxe4 Bxe4 15. Bxe4 Bc5+ 16. Kg2 dxe4 17. Qc2 Qd5 18. Rd1 Qc6 19. b4 Bxb4 20. Qxc6 bxc6 21. Rb1 Rab8 22. Be3 a5 23. Rdc1 Rfc8 24. Rc4 c5 25. Rbc1 g6 26. Kg3 a4 27. f5 gxf5 28. gxf5 exf5 29. Kf4 Rc6 30. Kxf5 Rg6 31. Rxe4 Rg2 32. Rg4+ Rxg4 33. hxg4 a3 34. Ke4 Rd8 35. Rc2 Kg7 36. Bxc5 Bxc5 37. Rxc5 Rd2 38. e3 Rxa2 39. Ra5 Ra1 40. Ra6 a2 41. g5 Kg8 42. Ra7 Kf8 43. Ra6 Kg7 44. Ra8 Kg6 45. Rg8+ Kh5 46. e6 fxe6 47. Ra8 Kxg5 48. Ke5 h5 49. e4 h4 50. Kxe6 h3 51. e5 h2 0-1

[Event "RUS-ch Rapid"]
[Site "Sochi"]
[Date "2023.10.15"]
[Round "4"]
[White "Rodin, Dmitrij"]
[Black "Kobalia, Mihail"]
[Result "0-1"]
[WhiteElo "2346"]
[BlackElo "2542"]
[PlyCount "68"]
[EventDate "2023.10.15"]
[EventType "swiss (rapid)"]
[EventRounds "11"]
[EventCountry "RUS"]
[SourceTitle "Mega2024 Update 01"]
[Source "Chessbase"]
[SourceDate "2023.11.12"]
[SourceVersion "1"]
[SourceVersionDate "2023.11.12"]
[SourceQuality "1"]

1. e4 c5 2. Nf3 e6 3. d4 cxd4 4. Nxd4 Nc6 5. Nc3 a6 6. Be3 Nf6 7. Nb3 d6 8. f4 Be7 9. Qf3 0-0 10. 0-0-0 Qc7 11. g4 b5 12. g5 Nd7 13. Bd3 Bb7 14. Kb1 Nc5 15. Rhg1 b4 16. Ne2 a5 17. Qh3 Nxd3 18. cxd3 a4 19. Nbd4 Nxd4 20. Nxd4 Rac8 21. Rc1 Qd7 22. Rxc8 Rxc8 23. Rc1 Ba6 24. Bd2 Rxc1+ 25. Kxc1 d5 26. Nc2 b3 27. axb3 axb3 28. Ne1 Qa4 29. Kd1 Ba3 30. f5 exf5 31. Qxf5 Bxb2 32. Qxd5 Ba3 33. Ke2 b2 34. Qd8+ Bf8 0-1

[Event "RUS-ch Rapid"]
[Site "Sochi"]
[Date "2023.10.15"]
[Round "2"]
[White "Vetokhin, Savva"]
[Black "Kobalia, Mihail"]
[Result "1-0"]
[WhiteElo "2400"]
[BlackElo "2542"]
[PlyCount "145"]
[EventDate "2023.10.15"]
[EventType "swiss (rapid)"]
[EventRounds "11"]
[EventCountry "RUS"]
[SourceTitle "Mega2024 Update 01"]
[Source "Chessbase"]
[SourceDate "2023.11.12"]
[SourceVersion "1"]
[SourceVersionDate "2023.11.12"]
[SourceQuality "1"]

1. d4 d5 2. c4 c6 3. Nc3 Nf6 4. e3 e6 5. Nf3 Nbd7 6. Bd3 dxc4 7. Bxc4 b5 8. Be2 Bb7 9. 0-0 Bd6 10. e4 e5 11. Nh4 Qc7 12. d5 0-0 13. dxc6 Bxc6 14. Nf5 Bc5 15. Bxb5 Bxb5 16. Nxb5 Qc6 17. Nc3 Rfd8 18. Be3 Qb7 19. Qe2 g6 20. Nh6+ Kg7 21. Bg5 Rf8 22. Ng4 Nxg4 23. Qxg4 h5 24. Qh3 Bd4 25. Nd5 f6 26. Be3 Nb6 27. Bxd4 Nxd5 28. Bxe5 fxe5 29. exd5 Rad8 30. Rad1 Qxb2 31. Qe3 a5 32. Rd2 Qb8 33. d6 Rf5 34. d7 Qc7 35. Rfd1 Rf7 36. Qd3 Qc6 37. Qd5 Qxd5 38. Rxd5 a4 39. g3 Re7 40. Kf1 Kf7 41. Ke2 Re6 42. Rd6 Ke7 43. R6d5 Kf6 44. Ke3 Kf5 45. f4 g5 46. Rxe5+ Rxe5+ 47. fxe5 Kxe5 48. h3 a3 49. g4 hxg4 50. hxg4 Ke6 51. Ke4 Kf6 52. Rd6+ Ke7 53. Ke5 Kf7 54. Kd5 Ke7 55. Kc6 Ra8 56. d8Q+ Rxd8 57. Rxd8 Kxd8 58. Kb5 Kd7 59. Kb4 Kd6 60. Kxa3 Ke5 61. Kb4 Kf4 62. a4 Kxg4 63. a5 Kh3 64. a6 g4 65. a7 g3 66. a8Q g2 67. Qh8+ Kg3 68. Qg7+ Kf2 69. Qf6+ Ke2 70. Qg5 Kf2 71. Qf4+ Ke2 72. Qg3 Kf1 73. Qf3+ 1-0